000 00486nam a2200181Ia 4500
005 20250603145853.0
008 250603s9999 xx 000 0 und d
020 _a9781597840767
050 _aBP 252 .N86213/
100 _aNursî, Said, Bediüzzaman Said Nursi, 1873-1960
245 4 _aThe Gleams : reflections on Qur`anic wisdom and spirituality
260 _aNew Jersey
260 _bTughra Books
260 _c2007
300 _a538 p
650 _aNew Jersey
942 _cBK
999 _c43104
_d43104